Bandeiras dos Países e Estados soberanos na década de 1980 - Statistics

Estatísticas Gerais
  • Esse quiz foi jogado 10 vezes
  • A pontuação média é 138 de 180
Estatísticas das Respostas
Imagem Resposta % Correto
Alemanha Ocidental
100%
Angola
100%
Árabia Saudita
100%
Argentina
100%
Bangladesh
100%
Bélgica
100%
Brasil
100%
Chile
100%
China
100%
Coreia do Norte
100%
Coreia do Sul
100%
Costa Rica
100%
Cuba
100%
Dinamarca
100%
Egito
100%
El Salvador
100%
Estados Unidos
100%
Filipinas
100%
Finlândia
100%
França
100%
Grécia
100%
Guatemala
100%
Hungria
100%
Índia
100%
Irã
100%
Irlanda
100%
Islândia
100%
Israel
100%
Itália
100%
Jamaica
100%
Japão
100%
Líbano
100%
Libéria
100%
Liechtenstein
100%
Luxemburgo
100%
Marrocos
100%
México
100%
Moçambique
100%
Nicarágua
100%
Níger
100%
Noruega
100%
Países Baixos
100%
Palau
100%
Papua Nova Guiné
100%
Paraguai
100%
Quênia
100%
República Dominicana
100%
República Popular Socialista da Albânia
100%
Síria
100%
Suécia
100%
Tailândia
100%
Tunísia
100%
Turquia
100%
Alemanha Oriental
83%
Andorra
83%
Argélia
83%
Austrália
83%
Áustria
83%
Bahamas
83%
Belize
83%
Botswana
83%
Butão
83%
Camarões
83%
Canadá
83%
Catar
83%
Chade
83%
Chipre
83%
Colômbia
83%
Costa do Marfim
83%
Emirados Árabes Unidos
83%
Equador
83%
Espanha
83%
Gana
83%
Guiana
83%
Haiti
83%
Honduras
83%
Ilhas Marshall
83%
Ilhas Salomão
83%
Iugoslávia
83%
Kiribati
83%
Kuwait
83%
Laos
83%
Madagascar
83%
Malásia
83%
Maldivas
83%
Malta
83%
Mauritânia
83%
Micronésia
83%
Nepal
83%
Nigéria
83%
Nova Zelândia
83%
Panamá
83%
Paquistão
83%
Peru
83%
Portugal
83%
Reino Unido
83%
República Popular da Bulgária
83%
Romênia
83%
San Marino
83%
Santa Lúcia
83%
São Tomé e Príncipe
83%
Senegal
83%
Somália
83%
Sri Lanka
83%
Suíça
83%
Trinidad e Tobago
83%
Uganda
83%
União Soviética
83%
Uruguai
83%
Vaticano
83%
Venezuela
83%
Vietnã
83%
África do Sul
67%
Antígua e Barbuda
67%
Barein
67%
Bolívia
67%
Brunei
67%
Burkina Faso
67%
Burundi
67%
Chipre do Norte
67%
Djibouti
67%
Dominica
67%
fiji
67%
Gabão
67%
Gâmbia
67%
Guiné-Bissau
67%
Guiné Equatorial
67%
Indonésia
67%
Jordânia
67%
Malawi
67%
Mali
67%
Mônaco
67%
Nauru
67%
Omã
67%
Palestina
67%
República Centro-Africana
67%
República Popular da Mongólia
67%
Samoa Ocidental
67%
São Cristóvão e Névis
67%
Serra Leoa
67%
Singapura
67%
Suazilândia
67%
Suriname
67%
Taiwan
67%
Tanzânia
67%
Togo
67%
Tonga
67%
Vanuatu
67%
Zimbábue
67%
Afeganistão
50%
Granada
50%
Guiné
50%
Iraque
50%
Líbia
50%
Polônia
50%
República Democrática Popular da Etiópia
50%
República Democrática Popular do Iêmen
50%
República Socialista Romênia
50%
São Vicente e Granadinas
50%
Sudão
50%
Tchecoslováquia
50%
Tuvalu
50%
Zaire
50%
Zâmbia
50%
Comores
33%
Mianmar
33%
República Árabe do Iêmen
33%
República Democrática Árabe Saariana
33%
República Popular do Benim
33%
Cabo Verde
17%
Campucheia
17%
Estado do Camboja
17%
Lesoto
17%
Maurícios
17%
República Popular do Congo
17%
Ruanda
17%
Ruenzururu
17%
Seychelles
17%
Tafea
17%
Vemerana
17%
Nenhum quiz correspondente encontrado
Distribuição das Pontuações
Porcentagem de Pessoas com Cada Pontuação
Percentil de Números Respondidos
Sua Pontuação Histórica
Você não jogou esse quiz